000 00985cam a22001935a 4500
001 L137545
008 070413s2007 xxk f 000 0 eng d
035 _a(Sirsi) u137545
041 0 _aeng
110 2 _aBritish Council for Offices
_93992
245 0 0 _aRenewables and the London plan
_h[electronic resource]
260 _c2007
520 _aDiscusses the Greater London Authority?s strategy to make London a low carbon city, and the part the office sector could play in this strategy. Discusses the burden on new build to deliver carbon savings, the current typical development process, and the different energy options. Concludes that a more holistic approach is required, incorporating multiple strategies to produce greater reductions in carbon.
590 _aKA
651 4 _aLONDON
690 _aENVIRONMENTAL AND LAND CONSULTANCY-ENERGY-ENERGY USE-ENERGY EFFICIENCY
856 4 0 _uhttps://www.bco.org.uk/
_zView the item free of charge at www.bco.org.uk...
942 _n0
999 _c106815
_d106815